Diagnóstico participativo en Xhualtez, un pueblo maya /

Guardat en:
Dades bibliogràfiques
Autor principal: Velasco Vergara, Eugenia (autor)
Altres autors: Muñoz Padilla, Martha Gabriela (autor) (autor)
Format: Thesis Llibre
Idioma:espanyol
Matèries:
Etiquetes: Afegir etiqueta
Sense etiquetes, Sigues el primer a etiquetar aquest registre!

MARC

LEADER 00000nam^a2200000^a^4500
001 000113494
005 20250521000000.0
009 20260310093945.298
037 |a Acervo ITESO - Biblioteca 
041 |a ESP 
090 |a PED. 2 
100 |a Velasco Vergara, Eugenia  |e (autor) 
245 1 0 |a Diagnóstico participativo en Xhualtez, un pueblo maya /  |c E. Velasco Vergara, M.G. Muñoz Padilla. 
264 |a Guadalajara, México :  |b edición de autor,  |c 2000 
300 |a 157 p. 
336 |a texto  |b txt  |2 rdacontenido 
337 |a sin mediación  |b n  |2 rdamedio 
338 |a volumen  |b nc  |2 rdasoporte 
502 |a ITESO Reporte de Servicio Social de Licenciatura en Pedagogía 
649 |a XX 
650 |a Mayas 
650 |a Indígenas de México -  |z Yucatán 
650 |a Intervención Social 
650 |a Educación de Adultos 
650 |a Educación y Promoción Popular 
650 |a Educación y Sociedad 
650 |a Sociología de la Educación 
700 |a Muñoz Padilla, Martha Gabriela  |e (autor) 
910 |a Fondo General 
920 |a Impresos - Tesis del ITESO 
930 |a Colección General 
905 |a 104 
901 |a 0500049635  |b IT2  |c TSS  |u 20250521 
902 |a https://opac.biblio.iteso.mx/vufind/Record/000113494